Statistics for Geo #13- 25 Africa Countries

Click here to take the quiz!

General Stats

  • This quiz has been taken 736 times
  • The average score is 19 of 25

Answers on the Map

Answers color-coded by a green-red scale on the quiz's map according to % correct below.
 

Answer Stats

Answer% Correct
Democratic Republic of the Congo
85%
São Tomé and Príncipe
85%
Sudan
85%
South Sudan
82%
Central African Republic
79%
Kenya
79%
Mali
79%
Djibouti
76%
Guinea-Bissau
76%
Ivory Coast
76%
Niger
76%
Nigeria
76%
Tunisia
76%
Guinea
73%
Lesotho
73%
Malawi
73%
Rwanda
73%
Zambia
73%
Zimbabwe
73%
Eritrea
70%
Eswatini
70%
Angola
67%
Botswana
67%
Burkina Faso
67%
Namibia
64%

Score Distribution

Percentile by Number Answered

Percent of People with Each Score

Your Score History

You have not taken this quiz